[Event "World op"]
[Site "Philadelphia"]
[Date "1989.??.??"]
[Round "9"]
[White "Kudrin, Sergey"]
[Black "Bonin, Jay R"]
[Result "1-0"]
[WhiteElo "2550"]
[BlackElo "2400"]

1.e4 e6 2.d4 d5 3.Nd2 c5 4.exd5 Qxd5 5.Ngf3 cxd4 6.Bc4 Qd6 7.O-O Nf6 8.Nb3 Nc6
9.Nbxd4 Nxd4 10.Nxd4 Bd7 11.c3 O-O-O 12.Qe2 Qc7 13.a4 Ng4 14.g3 h5 15.h3 Ne5
16.Bf4 Bd6 17.Bxe5 Bxe5 18.Nb5 Bxb5 19.axb5 h4 20.g4 Bh2+ 21.Kg2 Qf4 22.Rxa7 Rd2
23.Ra8+ Kc7 24.Rxh8 Rxe2 25.Bxe2 Qd2 26.Bf3 Bd6 27.Rxh4 Qf4 28.Rd1 Qh2+ 29.Kf1 Bc5
30.Rd2 Qf4 31.Rd3 Qc1+ 32.Bd1 Qb1 33.Rd2 Qe4 34.Rh5 Bb6 35.Rh8 Qf4 36.Rhd8 Be3
37.R8d7+ Kb6 38.Re2 Bc5 39.b4 Bd6 40.Re3 f5 41.gxf5 exf5 42.Bf3 Kxb5 43.Rxb7+ Ka4
44.Ra7+  1-0

[Event "Salamanca"]
[Site "Salamanca"]
[Date "1989.??.??"]
[Round "?"]
[White "Kudrin, Sergey"]
[Black "Sion Castro, Marcelino"]
[Result "1-0"]
[WhiteElo "2550"]
[BlackElo "2315"]

1.e4 e5 2.Nf3 Nc6 3.Bc4 Bc5 4.c3 Nf6 5.b4 Bb6 6.d3 d6 7.O-O O-O 8.Nbd2 Ne7
9.Bb3 c6 10.Nc4 Bc7 11.Bg5 Ng6 12.Nh4 Nf4 13.Ne3 h6 14.Bxf6 Qxf6 15.Nhf5 Bxf5
16.Nxf5 d5 17.Qf3 Rad8 18.Rad1 Kh7 19.g3 Nh3+ 20.Kg2 Ng5 21.Qh5 dxe4 22.dxe4 Rxd1
23.Rxd1 Rd8 24.Rxd8 Bxd8 25.h4 Ne6 26.Qd1 g6 27.Nd6 Bb6 28.f3 Qe7 29.Nc8 Qd8
30.Qxd8 Nxd8 31.Nxb6 axb6 32.a4 Kg7 33.Kf2 Kf6 34.f4 Ne6 35.Kf3 h5 36.Ke3 Nd8
37.Bc4 Ne6 38.Bf1 Nd8 39.Bh3 Ne6 40.Kf3 c5 41.Ke3 cxb4 42.cxb4 Nd4 43.Kd3 Ne6
44.f5 Nd4 45.fxg6 fxg6 46.Bc8 g5  1-0

[Event "Salamanca"]
[Site "Salamanca"]
[Date "1989.??.??"]
[Round "?"]
[White "Giorgadze, Tamaz"]
[Black "Kudrin, Sergey"]
[Result "1/2-1/2"]
[WhiteElo "2510"]
[BlackElo "2550"]

1.f4 d6 2.d4 d5 3.Nf3 g6 4.e3 Bg7 5.Bd3 Nf6 6.O-O Bf5 7.c4 e6 8.Be2 Bxb1
9.Rxb1 c6 10.b4 a6 11.a4 O-O 12.Qb3 Nbd7 13.Bd2 Ng4 14.Rfc1 Re8 15.Bd3 f5
16.b5 axb5 17.cxb5 cxb5 18.Bxb5 Ngf6 19.Qc2 Bf8 20.Qc7 Re7 21.a5 Ne4 22.Qxd8 Rxd8
23.Be1 Ndf6 24.Rc2 Ra8 25.Ne5 Rg7 26.Rbc1 Nd6 27.Bd3 Nfe8 28.h3 Be7 29.g4 Bd8
30.Rc5 b6 31.axb6 Bxb6 32.Rc6 Ba5 33.Bxa5 Rxa5 34.Rb6 Ra8 35.Rcc6 Rd8 36.Kf2 Rc7
37.Ra6 Rxc6 38.Nxc6 Rd7 39.Ra8 Kg7 40.g5 Kf8 41.h4 Rc7 42.Ne5 Rc8 43.Ra6 Ke7
44.Ra1 Rc7 45.h5 gxh5 46.Ra6 Nc4 47.Rc6 Rxc6 48.Nxc6+ Kd6 49.Ne5 Nxe5 50.fxe5+ Ke7
51.Kg3 Kf7 52.Kh4 Kg6 53.Be2 Ng7 54.Bd3 h6 55.gxh6 Kxh6 56.Bc2 Kg6 57.Bd3 Kh6
58.Bc2  1/2-1/2

[Event "Salamanca"]
[Site "Salamanca"]
[Date "1989.??.??"]
[Round "?"]
[White "Kudrin, Sergey"]
[Black "De la Villa Garcia, Jesus Maria"]
[Result "1/2-1/2"]
[WhiteElo "2550"]
[BlackElo "2430"]

1.e4 e5 2.Nf3 Nc6 3.Bc4 Nf6 4.d3 Be7 5.O-O O-O 6.Be3 d5 7.exd5 Nxd5 8.Re1 Bg4
9.h3 Bxf3 10.Qxf3 Nd4 11.Qxd5 Qxd5 12.Bxd5 Nxc2 13.Bd2 Nxa1 14.Rc1 Rad8 15.Be4 f5
16.Bxb7 Rxd3 17.Ba6 Rxd2 18.Nxd2 Bg5 19.Rxa1 Bxd2 20.Bc4+ Kh8 21.Rd1 Rd8
22.Kf1 Rd6 23.Ke2 Bb4 24.Rd5 Rxd5 25.Bxd5 Bc5 26.f3 g6 27.a4 Kg7 28.b3 Kf6
29.Bg8 h6 30.Bd5 g5  1/2-1/2

[Event "Salamanca"]
[Site "Salamanca"]
[Date "1989.??.??"]
[Round "?"]
[White "Garcia, Gildardo"]
[Black "Kudrin, Sergey"]
[Result "0-1"]
[WhiteElo "2430"]
[BlackElo "2550"]

1.e4 c5 2.Nf3 d6 3.d4 cxd4 4.Nxd4 Nf6 5.Nc3 g6 6.Be3 Bg7 7.f3 Nc6 8.Qd2 O-O
9.Bc4 Bd7 10.h4 h5 11.O-O-O Ne5 12.Bb3 Rc8 13.Bg5 Rc5 14.Kb1 b5 15.g4 a5
16.gxh5 a4 17.h6 Bh8 18.h7+ Nxh7 19.Bd5 b4 20.Nce2 Nxg5 21.hxg5 e6 22.Nf4 Bg7
23.Ndxe6 fxe6 24.Nxe6 Bxe6 25.Bxe6+ Nf7 26.f4 Re8 27.Qxd6 Qxd6 28.Rxd6 Kf8
29.Ra6 a3 30.e5 axb2 31.Bb3 Nxe5 32.fxe5 Rcxe5 33.Rg1 Rc5 34.Rd1 Rxg5 35.a3 bxa3
36.Ka2 Bc3 37.Rc6 Re1 38.Rxe1 Bxe1 39.c3 Rg3 40.Bc2 g5 41.c4 Rc3 42.Bf5 Rc1
43.Bb1 Bb4 44.Rf6+ Ke8 45.Re6+ Kd8 46.Re4 Bd6 47.Rd4 Kc7 48.Re4 Rg1 49.Re6 g4
50.Rg6 g3 51.Rg5 Rc1 52.Rg4 Kb6  0-1

[Event "Salamanca"]
[Site "Salamanca"]
[Date "1989.??.??"]
[Round "?"]
[White "Kudrin, Sergey"]
[Black "Sanz Alonso, Francisco Javier"]
[Result "1-0"]
[WhiteElo "2550"]
[BlackElo "2420"]

1.e4 e5 2.Nf3 Nc6 3.Bb5 g6 4.c3 Bg7 5.d4 Nge7 6.d5 a6 7.Ba4 Na7 8.d6 cxd6
9.Qxd6 Nb5 10.Qd3 O-O 11.Bxb5 axb5 12.O-O d5 13.Rd1 f5 14.Qxb5 fxe4 15.Nfd2 Bg4
16.Re1 Qd6 17.Nb3 Qf6 18.Be3 Bh6 19.Qb6 Qh4 20.Bxh6 Qxh6 21.N1d2 Nf5 22.Qe6+ Rf7
23.Qxd5 e3 24.fxe3 Nxe3 25.Qe4 Nxg2 26.Qxg2 Bh3 27.Qe2 Raf8 28.Ne4 Qh4 29.Nbd2 Rf4
30.Qc4+ Kh8 31.Re3 Qg4+ 32.Rg3 Qf5 33.Qe2 Bg4 34.Qg2 Qe6 35.Rf1 Qb6+ 36.Kh1 Bd7
37.Rxf4 exf4 38.Qg1 Qxb2 39.Qd4+ Kg8 40.Rd3 Bc6 41.Qc4+ Kh8 42.Kg1 f3 43.Qd4+ Kg8
44.Qc4+ Kg7 45.Qd4+ Kg8 46.Nf6+  1-0

[Event "Kusadasi op"]
[Site "Kusadasi"]
[Date "1990.??.??"]
[Round "7"]
[White "Tiviakov, Sergei"]
[Black "Kudrin, Sergey"]
[Result "1/2-1/2"]
[WhiteElo "2490"]
[BlackElo "2565"]

1.e4 c5 2.Nf3 d6 3.d4 cxd4 4.Nxd4 Nf6 5.Nc3 g6 6.Be3 Bg7 7.f3 O-O 8.Qd2 Nc6
9.O-O-O d5 10.exd5 Nxd5 11.Nxc6 bxc6 12.Bd4 e5 13.Bc5 Re8 14.Ne4 f5 15.Nd6 Bf8
16.Nxe8 Bxc5 17.c4 f4 18.Kb1 Bf5+ 19.Bd3 Ne3 20.Bxf5 Nxd1 21.Be6+ Kf8 22.Rxd1 Qxd2
23.Rxd2 Rxe8 24.Bd7 Rd8 25.Kc2 Be3 26.Rd3  1/2-1/2

[Event "Marchena"]
[Site "Marchena"]
[Date "1990.??.??"]
[Round "?"]
[White "Vladimirov, Evgeny"]
[Black "Kudrin, Sergey"]
[Result "1/2-1/2"]
[WhiteElo "2565"]
[BlackElo "2565"]

1.d4 Nf6 2.c4 e6 3.Nf3 b6 4.g3 Bb7 5.Bg2 Be7 6.O-O O-O 7.Nc3 Ne4 8.Nxe4 Bxe4
9.Ne1 Bxg2 10.Nxg2 d5 11.Qa4 dxc4 12.Qxc4 c5 13.dxc5 Bxc5 14.Be3 Bxe3 15.Nxe3 Qc8
16.Rac1 Nd7 17.Rfd1 Nf6 18.Ng4 Nxg4 19.Qxg4 Qa6 20.a3  1/2-1/2

[Event "Sevilla op"]
[Site "Sevilla"]
[Date "1990.??.??"]
[Round "?"]
[White "Eslon, Jaan"]
[Black "Kudrin, Sergey"]
[Result "1/2-1/2"]
[WhiteElo "2360"]
[BlackElo "2565"]

1.d4 Nf6 2.c4 g6 3.Nf3 Bg7 4.g3 d5 5.cxd5 Nxd5 6.Bg2 Nb6 7.O-O Nc6 8.e3 O-O
9.Qe2 e5 10.Nxe5 Nxe5 11.dxe5 Bxe5 12.Rd1 Qe7 13.Nc3 Re8 14.Bd2 c6 15.Be1 Be6
16.e4 g5 17.f3 Qf6 18.Bf2 Nc4 19.Rac1 Red8 20.Be1 h5 21.b3 Nb6 22.Rxd8+ Rxd8
23.Nd1 h4 24.Ne3 Nd7 25.Bf2 h3 26.Bf1 Bd4 27.Nc2 Bxf2+ 28.Qxf2 Ne5 29.Ne1 a6
30.Qe3 Kg7  1/2-1/2

[Event "Sevilla op"]
[Site "Sevilla"]
[Date "1990.??.??"]
[Round "?"]
[White "Kudrin, Sergey"]
[Black "Martinez, A."]
[Result "1-0"]
[WhiteElo "2565"]
[BlackElo "2245"]

1.e4 e5 2.Nf3 Nc6 3.Bb5 a6 4.Ba4 Nf6 5.O-O Be7 6.Re1 b5 7.Bb3 O-O 8.h3 d6
9.c3 Na5 10.Bc2 c5 11.d4 Qc7 12.Nbd2 Re8 13.Nf1 h6 14.b3 Bf8 15.Ng3 g6 16.Be3 Bg7
17.Qd2 Kh7 18.Rac1 Bd7 19.Bd1 Rad8 20.d5 Nb7 21.Nh2 c4 22.b4 Bc8 23.a4 Bd7
24.a5 Rc8 25.f4 Qd8 26.Rf1 Qe7 27.Rf2 Rf8 28.Bc2 Rce8 29.Rcf1 Bc8 30.f5 g5
31.Bd1 Rg8 32.Ng4 Bd7 33.Nxf6+ Bxf6 34.Nh5 Bc8 35.Bg4 Qd8 36.g3 Qe7 37.Rh2 Qd8
38.Kg2 Qe7 39.Qe2 Qd8 40.h4 gxh4 41.Nxf6+ Qxf6 42.Rxh4  1-0

[Event "Sevilla op"]
[Site "Sevilla"]
[Date "1990.??.??"]
[Round "?"]
[White "Kudrin, Sergey"]
[Black "Palacios de la Prida, Ernesto"]
[Result "1-0"]
[WhiteElo "2565"]
[BlackElo "2285"]

1.e4 g6 2.d4 Bg7 3.Nf3 d6 4.Nc3 Bg4 5.Be3 Nc6 6.Be2 e5 7.d5 Bxf3 8.Bxf3 Nd4
9.O-O Ne7 10.Bg4 O-O 11.Ne2 f5 12.Bxd4 fxg4 13.Be3 c5 14.c4 Kh8 15.Rb1 b6
16.Nc3 Qd7 17.a3 Ng8 18.Qd2 Rac8 19.Rfc1 h5 20.Nd1 h4 21.b4 Nf6 22.Qd3 Nh5
23.bxc5 bxc5 24.Rb5 g3 25.fxg3 hxg3 26.hxg3 Nxg3 27.Nf2 Qe7 28.Nh3 Nh5 29.Ng5 Rf4
30.Ne6 Rg4 31.Bf2 Rf8 32.Qh3 Rxe4 33.Rcb1 Rf7 34.Rb8+ Bf8 35.R1b7  1-0

[Event "Sevilla op"]
[Site "Sevilla"]
[Date "1990.??.??"]
[Round "?"]
[White "Kudrin, Sergey"]
[Black "Ramos Suria, Felix"]
[Result "1-0"]
[WhiteElo "2565"]
[BlackElo "2255"]

1.e4 c5 2.Nf3 Nc6 3.d4 cxd4 4.Nxd4 g6 5.c4 Bg7 6.Be3 Nf6 7.Nc3 O-O 8.Be2 b6
9.O-O Bb7 10.f3 Nh5 11.Qd2 Nf4 12.Bxf4 Nxd4 13.Bd3 Rc8 14.Be3 d6 15.Rad1 Qd7
16.b3 Rfd8 17.Bb1 Ne6 18.Rc1 Nc5 19.Kh1 a5 20.Rfd1 Qe8 21.Bd3 Bf6 22.Bf1 e6
23.Bf4 Be7 24.Qe1 Rd7 25.Qg3 Rcd8 26.Rc2 Bf6 27.Rxd6 Bxc3 28.Rxc3 Bxe4 29.Rxd7 Rxd7
30.fxe4 Nxe4 31.Qf3 Nxc3 32.Qxc3 Rd1 33.Kg1 Qd8 34.Be3 e5 35.Qc2 f5 36.Qf2 Rd6
37.g3 Kg7 38.h4 h5 39.a3 Kh7 40.b4 axb4 41.axb4 Rc6 42.c5 bxc5 43.Bxc5 Qd1
44.Qe2  1-0

[Event "USA op"]
[Site "USA"]
[Date "1990.??.??"]
[Round "?"]
[White "Kudrin, Sergey"]
[Black "Ibar, Marcelo"]
[Result "1-0"]
[WhiteElo "2565"]
[BlackElo "2205"]

1.e4 c5 2.Nf3 d6 3.d4 cxd4 4.Nxd4 Nf6 5.Nc3 g6 6.Be3 Bg7 7.f3 O-O 8.Qd2 Nc6
9.Bc4 Ne5 10.Bb3 Bd7 11.O-O-O Qa5 12.h4 Rfc8 13.g4 Nc4 14.Bxc4 Rxc4 15.h5 Rac8
16.Nb3 Qe5 17.Bd4 Qe6 18.Kb1 b5 19.Rc1 a5 20.hxg6 a4 21.g5 axb3 22.gxf6 bxa2+
23.Ka1 exf6 24.gxh7+ Kh8 25.Rhg1 Qh3 26.Nd5 Qh4 27.Qg2 Qxh7 28.Rh1 Rxd4 29.Rxh7+ Kxh7
30.Nxf6+  1-0

[Event "Washington op"]
[Site "Washington"]
[Date "1990.??.??"]
[Round "?"]
[White "Meyer, E."]
[Black "Kudrin, Sergey"]
[Result "1/2-1/2"]
[WhiteElo "2500"]
[BlackElo "2565"]

1.c4 c5 2.g3 g6 3.Bg2 Bg7 4.Nc3 e6 5.e4 Nc6 6.Nge2 Nge7 7.d3 O-O 8.O-O a6
9.Rb1 b5 10.cxb5 axb5 11.Nxb5 Ba6 12.a4 Rb8 13.Bf4 e5 14.Be3 Bxb5 15.axb5 Rxb5
16.f4 Bh6 17.Nc3 Ra5 18.Qg4 d6 19.Qh4 Kg7 20.Bd2 Ra8 21.Rf2 Ng8 22.Qh3 Nd4
23.g4 Bxf4 24.Bxf4 exf4 25.Rxf4 Qg5 26.Rbf1 Qe5 27.Kh1 Rab8 28.Qf3 f6 29.h4 Nc2
30.g5 Rxb2 31.Nd5 Nd4 32.Qh3 f5 33.h5 Ne6 34.hxg6 hxg6 35.exf5 gxf5 36.Rxf5 Rxf5
37.Rxf5 Rb1+ 38.Bf1 Nxg5 39.Rxe5 Nxh3 40.Rf5 Nh6 41.Rf6 Ng5 42.Kg2 Nhf7 43.Kg3 Ne5
44.Be2 Rg1+ 45.Kf2 Nh3+ 46.Ke3 Rg3+ 47.Kd2 Nf7 48.Bh5 Nhg5 49.Bxf7 Nxf7 50.Re6 Rg2+
51.Kc3 Rg5 52.Nf6 Re5 53.Rxe5 dxe5 54.Nd7  1/2-1/2

[Event "Washington op"]
[Site "Washington"]
[Date "1990.??.??"]
[Round "?"]
[White "Pozarek, Steven J"]
[Black "Kudrin, Sergey"]
[Result "0-1"]
[WhiteElo "2235"]
[BlackElo "2565"]

1.e4 c5 2.Nc3 Nc6 3.f4 g6 4.Nf3 Bg7 5.Bb5 Nd4 6.O-O Nxb5 7.Nxb5 d6 8.c4 Nf6
9.d3 O-O 10.Qe1 a6 11.Nc3 b5 12.Qh4 b4 13.Ne2 e6 14.g4 Nd7 15.Qh3 f5 16.gxf5 exf5
17.Ng5 Nf6 18.e5 dxe5 19.fxe5 Nh5 20.Qg2 Ra7 21.Ng3 Qd4+ 22.Rf2 Nxg3 23.Qxg3 Bxe5
24.Bf4 Bxf4 25.Qxf4 Qxf4 26.Rxf4 Re8 27.d4 h6 28.Nh3 g5 29.Rf2 f4 30.Nxf4 gxf4
31.Rxf4 Rg7+ 32.Kf2 cxd4  0-1

[Event "National op"]
[Site "Chicago"]
[Date "1991.??.??"]
[Round "6"]
[White "Kudrin, Sergey"]
[Black "Bisguier, Arthur Bernard"]
[Result "1-0"]
[WhiteElo "2510"]
[BlackElo "2365"]

1.e4 e5 2.Nf3 Nc6 3.Bb5 Nf6 4.O-O Nxe4 5.d4 Nd6 6.Bxc6 dxc6 7.dxe5 Nf5 8.Qxd8+ Kxd8
9.Rd1+ Ke8 10.Nc3 h6 11.h3 Be6 12.g4 Ne7 13.Nd4 g5 14.Ne4 Ng6 15.Nf5 Bxf5
16.gxf5 Nxe5 17.f4 Nd7 18.fxg5 hxg5 19.Bxg5 Bd6 20.Nxd6+ cxd6 21.Rxd6 Rg8
22.Re1+ Kf8 23.h4 Re8 24.Rxe8+ Kxe8 25.Kf2 f6 26.Bxf6 Nxf6 27.Rxf6 Rg4 28.Rh6 Rf4+
29.Kg3 Rxf5 30.Rh8+  1-0

[Event "New York op"]
[Site "New York"]
[Date "1991.??.??"]
[Round "1"]
[White "Duong Thanh Nha"]
[Black "Kudrin, Sergey"]
[Result "0-1"]
[WhiteElo "2305"]
[BlackElo "2510"]

1.d4 Nf6 2.Nf3 g6 3.Bg5 Bg7 4.Nbd2 d6 5.e4 O-O 6.c3 c5 7.dxc5 dxc5 8.Bc4 Nc6
9.O-O Qc7 10.Re1 h6 11.Bh4 Nh5 12.Qc2 b6 13.a3 g5 14.Bg3 Nxg3 15.hxg3 e6
16.Rad1 Bb7 17.Ba2 g4 18.Nh4 b5 19.e5 Nxe5 20.c4 b4 21.axb4 cxb4 22.c5 Rfd8
23.Nb3 Bd5 24.Re3 a5 25.Bb1 Bxb3 26.Rxd8+ Rxd8 27.Rxb3 Rd5 28.Qh7+ Kf8 29.Re3 Qxc5
30.Re1 Rd2 31.Rf1 Qc4  0-1

[Event "Philadelphia World op"]
[Site "Philadelphia"]
[Date "1991.??.??"]
[Round "1"]
[White "Kudrin, Sergey"]
[Black "Freeman, Michael J"]
[Result "1-0"]
[WhiteElo "2530"]
[BlackElo "2230"]

1.e4 c5 2.Nf3 d6 3.d4 cxd4 4.Nxd4 Nf6 5.Nc3 a6 6.Bc4 e6 7.O-O b5 8.Bb3 Be7
9.Qf3 Qb6 10.Be3 Qb7 11.Qg3 Nbd7 12.Rae1 b4 13.Na4 Nxe4 14.Qxg7 Bf6 15.Qg4 h5
16.Qd1 Ne5 17.f3 Nc5 18.Nf5 exf5 19.Nxc5 dxc5 20.Bd5 Qa7 21.Bxa8 Qxa8 22.Bf4 Be6
23.Bxe5 Bxe5 24.Rxe5 Qc6 25.Qd2 Kf8 26.Qd8+  1-0

[Event "Philadelphia World op"]
[Site "Philadelphia"]
[Date "1991.??.??"]
[Round "4"]
[White "Kudrin, Sergey"]
[Black "Savchenko, Stanislav"]
[Result "1-0"]
[WhiteElo "2530"]
[BlackElo "2485"]

1.e4 c5 2.Nf3 d6 3.d4 cxd4 4.Nxd4 Nf6 5.Nc3 g6 6.Be3 Bg7 7.f3 Nc6 8.Qd2 O-O
9.Bc4 Bd7 10.O-O-O Rc8 11.Bb3 Ne5 12.h4 h5 13.Bh6 a5 14.Bxg7 Kxg7 15.a4 Rc5
16.Kb1 Qb6 17.g4 hxg4 18.h5 Nxh5 19.Rxh5 gxh5 20.Qg5+ Ng6 21.Nf5+ Bxf5 22.exf5 Re5
23.f4 Rxf5 24.Qxf5 Qf2 25.Qxh5 Qxf4 26.Qh1 e6 27.Ne2 Qe5 28.Qg2 f5 29.Qxb7+ Rf7
30.Qg2 d5 31.c3 Kf6 32.Bc2 Rh7 33.Nd4 Nf4 34.Qd2 Rh3 35.Rf1 g3 36.Rxf4 Rh2
37.Qc1 g2 38.Rf1 gxf1=Q 39.Qxf1 Qe3 40.Qa6 f4 41.Qd6 Rh8 42.Ka2 Rg8 43.Nf5 Qc1
44.Qe7+ Ke5 45.Nd4  1-0

[Event "St Martin op"]
[Site "St Martin"]
[Date "1991.??.??"]
[Round "1"]
[White "Le Doyen, D."]
[Black "Kudrin, Sergey"]
[Result "0-1"]
[WhiteElo "1910"]
[BlackElo "2510"]

1.d4 Nf6 2.Nf3 e6 3.Bf4 c5 4.e3 b6 5.Nbd2 cxd4 6.exd4 Bb7 7.Bd3 Be7 8.c3 d6
9.h3 Nbd7 10.O-O O-O 11.Qe2 Re8 12.Rfe1 Bf8 13.Bg5 Qc7 14.Bxf6 Nxf6 15.Ne4 Nxe4
16.Bxe4 g6 17.Bxb7 Qxb7 18.Qe4 Qxe4 19.Rxe4 b5 20.a4 d5 21.Re2 b4 22.Rc2 Rec8
23.Ne5 Rc7 24.Nd3 Rac8 25.Rac1 a5 26.f4 Bd6 27.Kf2 Rc4 28.g3 b3 29.Re2 Rxa4
30.Ree1 Ra2 31.Ra1 Rxc3 32.Rxa2 Rc2+ 33.Ke3 bxa2 34.Ra1 a4 35.Rxa2 a3  0-1

[Event "St Martin op"]
[Site "St Martin"]
[Date "1991.??.??"]
[Round "3"]
[White "Kotliar, Mark"]
[Black "Kudrin, Sergey"]
[Result "0-1"]
[WhiteElo "2310"]
[BlackElo "2510"]

1.e4 c5 2.c3 d5 3.exd5 Qxd5 4.d4 Nf6 5.Na3 e6 6.Nf3 Qd8 7.Nc2 Be7 8.Bd3 O-O
9.O-O Qc7 10.Re1 Nbd7 11.Qe2 a6 12.Bg5 b5 13.Ne3 Bb7 14.Rad1 Bd6 15.h3 h6
16.dxc5 Qxc5 17.Bh4 g5 18.Bg3 Bxg3 19.fxg3 Kg7 20.Nd4 b4 21.Nb3 Qb6 22.Kh2 bxc3
23.bxc3 Qc7 24.Nc4 Bd5 25.Rc1 a5 26.Na3 Rfd8 27.c4 Bc6 28.Nb5 Qb8 29.Bb1 a4
30.N3d4 Qb6 31.Nxc6 Qxc6 32.Qb2 Qc5 33.Rcd1 Rab8 34.Rf1 Ne5 35.Rde1 Ned7
36.Qe2 Rbc8 37.Rc1 Qe5 38.Qf3 g4 39.hxg4 Qg5 40.Kg1 Ne5 41.Qf4 Nfxg4 42.Qxg5+ hxg5
43.c5 Rd5 44.Nd6 Rcxc5 45.Rxc5 Rxc5 46.Ne4 Rb5 47.Nxg5 Ne3 48.Re1 N5g4 49.Nf3 Rb2
50.Nh4 a3 51.Rc1 Kf6 52.Re1 Ke7 53.Rc1 Kd6 54.Re1 Kd5 55.Rc1 e5 56.Kh1 e4
57.Kg1 Kd4 58.Kh1 Ne5 59.g4 N5xg4 60.Re1 Ke5 61.Kg1 Kf4 62.Kh1 Kg3  0-1

[Event "St Martin op"]
[Site "St Martin"]
[Date "1991.??.??"]
[Round "5"]
[White "Renet, Olivier"]
[Black "Kudrin, Sergey"]
[Result "1-0"]
[WhiteElo "2495"]
[BlackElo "2510"]

1.e4 c5 2.Nf3 d6 3.d4 cxd4 4.Nxd4 Nf6 5.Nc3 g6 6.Be3 Bg7 7.f3 Nc6 8.Qd2 O-O
9.Bc4 Bd7 10.h4 h5 11.O-O-O Ne5 12.Bb3 Rc8 13.Bh6 Bxh6 14.Qxh6 Rxc3 15.bxc3 Qc7
16.Kb1 Rc8 17.g4 a5 18.Nf5 Bxf5 19.exf5 Qxc3 20.fxg6 Nc4 21.Qc1 a4 22.Bxc4 Rxc4
23.a3 Rc5 24.Rd3 Rb5+ 25.Ka2 Qc4+ 26.Ka1 fxg6 27.Re1 Kf7 28.g5 Nd5 29.Re4 Qc5
30.Rxa4 Ke8 31.Ra8+ Kd7 32.c4 Nf4 33.Rc3 Ra5 34.Rxa5 Qxa5 35.Qb2 Kc7 36.Re3 Kb8
37.Rxe7 Nd3  1-0

[Event "St Martin op"]
[Site "St Martin"]
[Date "1991.??.??"]
[Round "7"]
[White "Kudrin, Sergey"]
[Black "Browne, Walter S"]
[Result "1/2-1/2"]
[WhiteElo "2510"]
[BlackElo "2520"]

1.e4 c5 2.Nf3 d6 3.d4 cxd4 4.Nxd4 Nf6 5.Nc3 a6 6.Bc4 e6 7.O-O b5 8.Bb3 Be7
9.Qf3 Qb6 10.Be3 Qb7 11.Qg3 Nc6 12.Nxc6 Qxc6 13.Rfe1 Bb7 14.Rad1 Nxe4 15.Nxe4 Qxe4
16.Qxg7 Kd7 17.Bxe6+ Qxe6 18.Bg5 Be4 19.Bxe7 Rhg8 20.Qxg8 Rxg8 21.Rxd6+ Qxd6
22.Bxd6 Rxg2+ 23.Kf1 Rg4  1/2-1/2

[Event "St Martin op"]
[Site "St Martin"]
[Date "1991.??.??"]
[Round "8"]
[White "Kudrin, Sergey"]
[Black "Rausis, Igors"]
[Result "1/2-1/2"]
[WhiteElo "2510"]
[BlackElo "2440"]

1.e4 e5 2.Nf3 Nc6 3.Bc4 Bc5 4.c3 Nf6 5.d3 a6 6.Nbd2 Ba7 7.O-O O-O 8.Bb3 d6
9.h3 Nh5 10.Nxe5 Nxe5 11.Qxh5 Nxd3 12.Nf3 Nxc1 13.Ng5 h6 14.Nxf7 Nxb3 15.Nxh6+ gxh6
16.Qg6+ Kh8 17.Qxh6+ Kg8 18.Qg6+  1/2-1/2

[Event "St Martin op"]
[Site "St Martin"]
[Date "1991.??.??"]
[Round "9"]
[White "Motwani, Paul"]
[Black "Kudrin, Sergey"]
[Result "0-1"]
[WhiteElo "2425"]
[BlackElo "2510"]

1.e4 c5 2.g3 Nc6 3.Bg2 e5 4.d3 d6 5.f4 g6 6.Nf3 Bg7 7.c3 Nge7 8.O-O O-O 9.Na3 h6
10.f5 gxf5 11.Nh4 fxe4 12.dxe4 Be6 13.Nf5 Kh7 14.Nxd6 Qd7 15.Be3 Bg4 16.Qd2 Rad8
17.Nac4 Qe6 18.Bxc5 b6 19.h3 Bh5 20.g4 Bg6 21.Ba3 b5 22.Qe2 bxc4 23.Nxc4 Rd7
24.Rf2 Bf6 25.Raf1 Bg5 26.Ne3 Rfd8 27.Nd5 Nxd5 28.exd5 Rxd5 29.Bxd5 Rxd5
30.Rd1 Rxd1+ 31.Qxd1 Be3 32.Qf3 Bxf2+ 33.Qxf2 e4 34.Bc5 Ne5 35.Kg2 h5 36.gxh5 Bxh5
37.Bd4 Nd3 38.Qh4 Qf5 39.Bxa7 Qf3+ 40.Kh2 Qe2+  0-1

[Event "USA-op"]
[Site "Dearborn"]
[Date "1992.??.??"]
[Round "12"]
[White "Kudrin, Sergey"]
[Black "Olesen, Martin"]
[Result "1-0"]
[WhiteElo "2580"]
[BlackElo "2375"]

1.e4 c5 2.Nf3 d6 3.d4 cxd4 4.Nxd4 Nf6 5.Nc3 g6 6.Be3 Bg7 7.f3 O-O 8.Qd2 Nc6
9.Bc4 Bd7 10.O-O-O Rc8 11.Bb3 Ne5 12.h4 Nc4 13.Bxc4 Rxc4 14.g4 b5 15.h5 b4
16.Nce2 Qa5 17.Kb1 Rfc8 18.hxg6 fxg6 19.Rc1 Qa6 20.Nb3 Be6 21.Nf4 Bf7 22.g5 Nh5
23.Nd5 Bxd5 24.Qxd5+ Kh8 25.Bd4 e5 26.Be3 Rf8 27.Qd3 Rc6 28.Nd2 Qc8 29.Qb5 Qc7
30.Qxb4 Nf4 31.Qa4 Rb8 32.Rhe1 Ng2 33.Re2 Nf4 34.Ree1 Ng2 35.Qxa7 Rb7 36.Qa4 Nxe1
37.Rxe1 Rb8 38.c4 Qb7 39.Qc2 Qb4 40.Rc1 Ra6 41.Qb3 Qxb3 42.Nxb3 Bf8 43.Rc3 Be7
44.a3 h6 45.gxh6 g5 46.Nd2 Kh7 47.b4 Kxh6 48.Kb2 Kh5 49.Nf1 Kg6 50.Rd3 Rh8
51.Nd2 Rh3 52.b5 Ra8 53.Rb3 g4 54.fxg4 Bg5 55.Bxg5 Rxb3+ 56.Kxb3 Kxg5 57.a4 Kf4
58.b6 Ke3 59.Kc3  1-0

[Event "Las Vegas op"]
[Site "Las Vegas"]
[Date "1992.??.??"]
[Round "?"]
[White "Kudrin, Sergey"]
[Black "Radomskyj, Peter"]
[Result "1-0"]
[WhiteElo "2550"]
[BlackElo "2240"]

1.e4 e6 2.d4 d5 3.Nd2 Nf6 4.e5 Nfd7 5.Bd3 c5 6.c3 Nc6 7.Ne2 cxd4 8.cxd4 f6
9.exf6 Nxf6 10.Nf3 Bd6 11.O-O O-O 12.Bf4 Nh5 13.Bxd6 Qxd6 14.Re1 Rxf3 15.gxf3 e5
16.Bc2 Bh3 17.Kh1 Rf8 18.dxe5 Nxe5 19.Bb3 Kh8 20.Ng1 Nf4 21.Nxh3 Nxh3 22.Qxd5 Qg6
23.Qc5 Qf6 24.Qc3 Nxf2+ 25.Kg2 Nfd3 26.Rf1 Qh4 27.Qd2 Rf6 28.Rad1 Rh6 29.Kh1 Rd6
30.Qe2 g6 31.Rxd3 Nxd3 32.Qe8+ Kg7 33.Qg8+ Kh6 34.Qf8+ Kh5 35.Qxd6 Nf2+ 36.Kg2 Nh3
37.Qg3 Nf4+ 38.Kh1 Qf6 39.Qf2 b6 40.Rd1 Nh3 41.Rd5+ g5 42.Qg3 Nf4 43.Qg4+ Kh6
44.Rd2 Qe5 45.Qg1 g4 46.Qf1 gxf3 47.Bd1 Ng2 48.Bxf3 Nh4 49.Bb7  1-0

[Event "New York op"]
[Site "New York"]
[Date "1992.??.??"]
[Round "5"]
[White "Kudrin, Sergey"]
[Black "Moulin, Pierre"]
[Result "1-0"]
[WhiteElo "2550"]
[BlackElo "2280"]

1.e4 c5 2.Nf3 d6 3.d4 Nf6 4.Nc3 cxd4 5.Nxd4 a6 6.Bc4 e6 7.O-O b5 8.Bb3 Be7
9.Qf3 Qb6 10.Be3 Qb7 11.Qg3 O-O 12.Bh6 Ne8 13.Rad1 Bd7 14.Rfe1 Nc6 15.Nd5 Bd8
16.Nf5 exf5 17.exf5 Ne5 18.Rxe5 dxe5 19.f6 g6 20.Ne7+  1-0

[Event "New York op"]
[Site "New York"]
[Date "1992.??.??"]
[Round "6"]
[White "Henao, Raul Fernando"]
[Black "Kudrin, Sergey"]
[Result "0-1"]
[WhiteElo "2390"]
[BlackElo "2550"]

1.e4 c5 2.Nf3 d6 3.d4 cxd4 4.Nxd4 Nf6 5.Nc3 g6 6.Be3 Bg7 7.f3 Nc6 8.Qd2 O-O
9.Bc4 Bd7 10.O-O-O Rc8 11.Bb3 Ne5 12.h4 h5 13.Bg5 Rc5 14.Kb1 b5 15.g4 a5
16.Bxf6 Bxf6 17.gxh5 a4 18.Bd5 e6 19.hxg6 exd5 20.h5 Bg5 21.f4 Nc4 22.Qg2 Ne3
23.Qxg5 Qxg5 24.fxg5 Nxd1 25.gxf7+ Rxf7 26.Rxd1 Bg4 27.Rg1 Rf4 28.Ndxb5 dxe4
29.Kc1 e3 30.Re1 e2 31.Nxd6 Bf3 32.Nxe2 Bxe2 33.Rxe2 Rf1+ 34.Kd2 Rd5+  0-1

[Event "New York op"]
[Site "New York"]
[Date "1992.??.??"]
[Round "9"]
[White "Kudrin, Sergey"]
[Black "Ochoa de Echaguen, F Javier"]
[Result "1-0"]
[WhiteElo "2550"]
[BlackElo "2410"]

1.e4 c5 2.Nf3 Nc6 3.d4 cxd4 4.Nxd4 Nf6 5.Nc3 e5 6.Ndb5 d6 7.Bg5 a6 8.Na3 b5
9.Nd5 Be7 10.Bxf6 Bxf6 11.c3 Bb7 12.Nc2 Bg5 13.a4 bxa4 14.Rxa4 Nb8 15.Bc4 Nd7
16.Qe2 O-O 17.O-O a5 18.Rfa1 Nc5 19.R4a2 a4 20.Ncb4 Rb8 21.Rd1 Kh8 22.Bb5 f5
23.exf5 Rxf5 24.Bxa4 e4 25.Bc6 Bc8 26.Rda1 Nb3 27.Ra8 Nc5 28.Qc2 Rxa8 29.Rxa8 Nd3
30.Nxd3 exd3 31.Qxd3 Rf7 32.b4 Qg8 33.Nb6  1-0

[Event "Philadelphia opI"]
[Site "Philadelphia"]
[Date "1992.??.??"]
[Round "1"]
[White "Kudrin, Sergey"]
[Black "Josenhans, Daniel"]
[Result "1-0"]
[WhiteElo "2550"]
[BlackElo "2315"]

1.e4 c6 2.d4 d5 3.Nc3 dxe4 4.Nxe4 Nf6 5.Nxf6+ gxf6 6.c3 Qd5 7.Be3 Rg8 8.Ne2 Bg4
9.Qc2 Bf5 10.Qd2 Na6 11.Ng3 Bg6 12.b4 e5 13.f4 exf4 14.Bxf4 O-O-O 15.O-O-O h5
16.Kb2 h4 17.Ne2 Re8 18.Rg1 Nc7 19.Bxc7 Kxc7 20.Nf4 Qd6 21.Bc4 Bh6 22.g3 hxg3
23.hxg3 b5 24.Bb3 Re4 25.Rdf1 Bh5 26.Qd3 Bg6 27.Bxf7 Rxd4 28.Qxd4 Qxd4 29.cxd4 Bxf7
30.Rh1 Bg5 31.Rh7 Rf8  1-0

[Event "Philadelphia opI"]
[Site "Philadelphia"]
[Date "1992.??.??"]
[Round "4"]
[White "Fedorov, Vladislav"]
[Black "Kudrin, Sergey"]
[Result "1/2-1/2"]
[WhiteElo "2395"]
[BlackElo "2550"]

1.e4 c5 2.Nf3 d6 3.c3 Nf6 4.Bd3 Nc6 5.Bc2 Bg4 6.d3 e6 7.Nbd2 Be7 8.h3 Bh5
9.Nf1 d5 10.Ng3 Bg6 11.Qe2 Qc7 12.O-O h6 13.Nh2 O-O 14.f4 b5 15.Ng4 b4 16.Bd2 bxc3
17.bxc3 Rfd8 18.Nxf6+ Bxf6 19.f5 exf5 20.exf5 Qxg3 21.Bf4 Bh5 22.Qxh5 Qh4
23.Qxh4 Bxh4 24.Ba4 Rdc8 25.Rab1 Bf6 26.Rfc1  1/2-1/2

[Event "World op"]
[Site "Philadelphia"]
[Date "1992.??.??"]
[Round "4"]
[White "Kudrin, Sergey"]
[Black "Odendahl, Steven M"]
[Result "1-0"]
[WhiteElo "2550"]
[BlackElo "2420"]

1.e4 d6 2.d4 Nf6 3.Nc3 Nc6 4.h3 e5 5.Nf3 exd4 6.Nxd4 g6 7.g4 Bg7 8.Nde2 O-O
9.Bg2 Rb8 10.a4 a6 11.a5 Re8 12.O-O Re5 13.g5 Ne8 14.Nd5 Rxg5 15.Bxg5 Qxg5
16.f4 Qh6 17.c3 Bxh3 18.Qe1 Bxg2 19.Kxg2 Qh5 20.Ng3 Qg4 21.Qd1 Qe6 22.Qf3 Qd7
23.Rfd1 Ne7 24.e5 Nxd5 25.Rxd5 Qe7 26.Rad1 Qh4 27.Qe3 Bh6 28.Rf1 dxe5 29.Rxe5 Nd6
30.Rh1 Qd8 31.Rxh6 Nc4 32.Qd4 Nxe5 33.Qxe5 Qd2+ 34.Kh3 Qd7+ 35.f5 Re8 36.Qf4 Re1
37.Rh4 Qd3 38.Qd4 Qxd4 39.Rxd4 Kg7 40.Rd7 b6 41.axb6 cxb6 42.Rd6  1-0